| 000 | 00793nam a2200133Ia 4500 | ||
|---|---|---|---|
| 008 | 100328s9999 xx 000 0 und d | ||
| 082 | _b46415 | ||
| 100 | _aबोले प्रीतमलाल वि.आणि वाघानी योगिनी | ||
| 245 | _aभारतातील सर्वसामान्ये झाडे: क्षेत्र मार्गदर्शिका | ||
| 260 | _bऑक्सफर्ड युनिवर्सिटी | ||
| 630 | _aभारतातील सर्वसामान्ये झाडे: क्षेत्र मार्गदर्शिका | ||
| 730 | _aभारतातील सर्वसामान्ये झाडे: क्षेत्र मार्गदर्शिका | ||
| 942 | _cBOOK | ||
| 999 |
_c534391 _d534388 |
||